| 000 | 00970nam a2200289 i 4500 | ||
|---|---|---|---|
| 001 | 10595 | ||
| 003 | ES-MaACL | ||
| 005 | 20250921063021.0 | ||
| 007 | t| | ||
| 008 | 940629s1993 sp a |||| | spa | ||
| 020 | _a84-376-1207-1 | ||
| 080 | _a291 | ||
| 100 | 1 |
_aBlázquez, José María, _d1926- _9141915 |
|
| 245 | 1 | 0 |
_aHistoria de las religiones antiguas : _bOriente, Grecia y Roma / _cJosé María Blázquez, Jorge Martínez-Pinna, Santiago Montero. |
| 260 |
_aMadrid : _bCátedra, _c[1993] |
||
| 300 |
_a638 p : _bil. ; _c25 cm. |
||
| 490 | 1 | _aHistoria. Serie mayor | |
| 504 | _aBibliografía: p. 617-629. | ||
| 650 | 4 |
_aReligiones- _yHasta S.V. _9146990 |
|
| 650 | 7 |
_aReligión griega _2embne _916804 |
|
| 650 | 7 |
_aReligión romana _2embne _916805 |
|
| 700 | 1 |
_aMartínez-Pinna, Jorge. _978336 |
|
| 700 | 1 |
_aMontero, Santiago, _d1954- _9163635 |
|
| 830 | 1 |
_aHistoria. Serie mayor _9178485 |
|
| 852 |
_aES-MaACL _jL-18002 |
||
| 999 |
_c10595 _d10595 |
||